[Event "MGL-ch (Women) 46th"]
[Site "Govi Altai"]
[Date "2014.04.05"]
[Round "3"]
[White "Khulan, Enkhsaikhan"]
[Black "Ankhchimeg, Bayanmunkh"]
[Result "1/2-1/2"]
[WhiteElo "1889"]
[BlackElo "2125"]
[PlyCount "113"]
[EventDate "2014.04.04"]
[EventType "tourn"]
[EventRounds "11"]
[EventCountry "MGL"]
[SourceTitle "CBM 159 Extra"]
[Source "ChessBase"]
[SourceDate "2014.04.24"]
[SourceVersion "1"]
[SourceVersionDate "2014.04.24"]
[SourceQuality "1"]

1. c4 e5 2. g3 c6 3. d4 exd4 4. Qxd4 d5 5. cxd5 cxd5 6. Bg2 Nf6 7. Nc3 Nc6 8. Qa4 Bc5 9. Nf3 d4 10. Nb1 d3 11. Ne5 Bd7 12. Nxd3 Nb4 13. Qd1 Nxd3+ 14. Qxd3 Qb6 15. 0-0 0-0 16. Nc3 Rad8 17. Qc2 Rc8 18. Qb3 Qxb3 19. axb3 b5 20. Bg5 Ng4 21. Nd5 Be6 22. b4 Bxd5 23. bxc5 Bxg2 24. Kxg2 f6 25. Bf4 Rfe8 26. h3 Ne5 27. Bxe5 Rxe5 28. b4 Rc7 29. Kf3 Rce7 30. Rfc1 Rf5+ 31. Kg4 Rxf2 32. h4 f5+ 33. Kh3 Rexe2 34. Rh1 Rb2 35. Rxa7 Rxb4 36. c6 Rc2 37. c7 Rbc4 38. Rb7 Rxc7 39. Rxb5 g6 40. Rh2 R2c3 41. Rb4 h6 42. Rd2 Kf7 43. Rbd4 Re7 44. R4d3 Rxd3 45. Rxd3 Kf6 46. Rd5 g5 47. hxg5+ hxg5 48. Kg2 Re2+ 49. Kf3 Ra2 50. g4 Ra3+ 51. Kf2 fxg4 52. Rb5 Kg6 53. Kg2 Rc3 54. Rb6+ Kh5 55. Ra6 g3 56. Ra4 g4 57. Ra8 1/2-1/2

[Event "MGL-ch (Women) 46th"]
[Site "Govi Altai"]
[Date "2014.04.04"]
[Round "1"]
[White "Lkhamsuren, Uuganbayar"]
[Black "Ankhchimeg, Bayanmunkh"]
[Result "1/2-1/2"]
[WhiteElo "2098"]
[BlackElo "2125"]
[PlyCount "86"]
[EventDate "2014.04.04"]
[EventType "tourn"]
[EventRounds "11"]
[EventCountry "MGL"]
[SourceTitle "CBM 159 Extra"]
[Source "ChessBase"]
[SourceDate "2014.04.24"]
[SourceVersion "1"]
[SourceVersionDate "2014.04.24"]
[SourceQuality "1"]

1. e4 c5 2. Nf3 Nc6 3. d4 cxd4 4. Nxd4 Nf6 5. Nc3 e5 6. Ndb5 d6 7. Bg5 a6 8. Na3 b5 9. Nd5 Be7 10. Bxf6 Bxf6 11. c4 b4 12. Nc2 Rb8 13. b3 0-0 14. h4 Be6 15. g3 Qd7 16. Nxf6+ gxf6 17. Ne3 Nd4 18. g4 a5 19. f4 exf4 20. Qxd4 fxe3 21. Qxf6 a4 22. Rh3 axb3 23. axb3 Ra8 24. Rd1 Ra5 25. h5 Qd8 26. Qxd8 Rxd8 27. Rxe3 Re5 28. Bh3 Kf8 29. Kf2 Ke7 30. Kf3 Ra8 31. Kf4 f6 32. Red3 Ra3 33. Bg2 Rea5 34. Bf3 h6 35. Kg3 Ra6 36. R1d2 Ra1 37. Bd1 R6a2 38. Kf4 Rxd2 39. Rxd2 Ra3 40. Rf2 Ra1 41. Rd2 Ra3 42. Rf2 Ra1 43. Rd2 Ra3 1/2-1/2